キングオブコント歴代決勝進出者 - Statistics

General Stats
  • This quiz has been taken 19 times
    15 since last reset
  • The average score is 101 of 168
Answer Stats
第1回(2008年) 所属事務所 % Correct
さらば青春の光 ザ・森東 | フリー | 松竹芸能
100%
バッファロー吾郎 よしもとクリエイティブ・エージェンシー
90%
ロバート よしもとクリエイティブ・エージェンシー
90%
ラブレターズ ASH&Dコーポレーション
90%
バイきんぐ SMA NEET Project
90%
かまいたち よしもとクリエイティブ・エージェンシー
90%
ハナコ ワタナベエンターテインメント
90%
どぶろっく 浅井企画
90%
東京03 プロダクション人力舎
90%
サンドウィッチマン フラットファイヴ
80%
しずる よしもとクリエイティブ・エージェンシー | 吉本興業
80%
キングオブコメディ プロダクション人力舎
80%
ジグザグジギー マセキ芸能社
80%
シソンヌ よしもとクリエイティブ・エージェンシー
80%
コロコロチキチキペッパーズ よしもとクリエイティブ・エージェンシー
80%
マヂカルラブリー よしもとクリエイティブ・エージェンシー | 吉本興業
80%
ビスケットブラザーズ 吉本興業
80%
空気階段 吉本興業
80%
ロングコートダディ 吉本興業
80%
最高の人間 プロダクション人力舎
80%
バナナマン ホリプロコム
70%
天竺鼠 よしもとクリエイティブ・エージェンシー
70%
チョコレートプラネット よしもとクリエイティブ・エージェンシー
70%
ロッチ ワタナベエンターテインメント
70%
ジャルジャル よしもとクリエイティブ・エージェンシー | 吉本興業
70%
ライス よしもとクリエイティブ・エージェンシー
70%
にゃんこスター フリー
70%
うるとらブギーズ 吉本興業
70%
蛙亭 吉本興業
70%
サルゴリラ 吉本興業
70%
トム・ブラウン ケイダッシュステージ
70%
タイムマシーン3号 太田プロダクション
70%
ザ・ギース ASH&Dコーポレーション
60%
かもめんたる サンミュージックプロダクション
60%
銀シャリ よしもとクリエイティブ・エージェンシー
60%
巨匠 プロダクション人力舎
60%
ななまがり よしもとクリエイティブ・エージェンシー
60%
アンガールズ ワタナベエンターテインメント
60%
ネルソンズ 吉本興業
60%
ニューヨーク 吉本興業
60%
ニッポンの社長 吉本興業
60%
ザ・マミィ プロダクション人力舎
60%
男性ブランコ 吉本興業
60%
コットン 吉本興業
60%
や団 SMA NEET Project
60%
いぬ 吉本興業
60%
ファイヤーサンダー ワタナベエンターテインメント
60%
青色1号 太田プロダクション
60%
2700 よしもとクリエイティブ・エージェンシー
60%
シティホテル3号室 タイタン
60%
バンビーノ よしもとクリエイティブ・エージェンシー
50%
ジャングルポケット よしもとクリエイティブ・エージェンシー | 吉本興業
50%
かが屋 マセキ芸能社
50%
ベルナルド マセキ芸能社
50%
GAG少年楽団 よしもとクリエイティブ・エージェンシー
50%
GAG よしもとクリエイティブ・エージェンシー | 吉本興業
50%
TKO 松竹芸能
50%
モンスターエンジン よしもとクリエイティブ・エージェンシー
40%
ピース よしもとクリエイティブ・エージェンシー
40%
ラバーガール プロダクション人力舎
40%
うしろシティ 松竹芸能
40%
夜ふかしの会 フリー
40%
リンゴスター プロダクション人力舎
40%
だーりんず SMA NEET Project
40%
わらふぢなるお グレープカンパニー | グレープカンパニー/サンミュージックプロダクション
40%
やさしいズ よしもとクリエイティブ・エージェンシー
40%
ジェラードン 吉本興業
40%
カゲヤマ 吉本興業
40%
隣人 吉本興業
40%
ダンビラムーチョ 吉本興業
40%
レインボー 吉本興業
40%
元祖いちごちゃん 浅井企画
40%
cacao 吉本興業
40%
エレキコミック トゥインクル・コーポレーション
30%
鬼ヶ島 プロダクション人力舎
30%
トップリード 太田プロダクション
30%
犬の心 よしもとクリエイティブ・エージェンシー
30%
アキナ よしもとクリエイティブ・エージェンシー
30%
ロビンフット SMA NEET Project
30%
そいつどいつ 吉本興業
30%
クロコップ ケイダッシュステージ
30%
ゼンモンキー ワタナベエンターテインメント
30%
アルコ&ピース 太田プロダクション
30%
インパルス よしもとクリエイティブ・エージェンシー
20%
藤崎マーケット よしもとクリエイティブ・エージェンシー
20%
パーパー マセキ芸能社
20%
滝音 吉本興業
20%
ゾフィー グレープカンパニー | フリー
10%
No matching quizzes found
Score Distribution
Percent of People with Each Score
Percentile by Number Answered
Your Score History
You have not taken this quiz since the last reset